00469nam a2200145Ia 450000500170000000800410001702000150005805000210007310000360009424500970013026000320022730000180025965000250027765000210030220231102150859.0120626s1983 mx 000 0 spa d a9684100183 aTK2781bF33 1983 aFabregas Costajusa, Juaneautor aDiagnóstico de averías en los motores eléctricos y dinamosc / Juan Fabregas Costajusa aMéxicob: Marcomboc,1983 a272 páginas aMOTORES ELÉCTRICOS aMOTOR MONOFASICO